<?xml version="1.0" encoding="UTF-8"?>
<record
    xmlns:xsi="http://www.w3.org/2001/XMLSchema-instance"
    xsi:schemaLocation="http://www.loc.gov/MARC21/slim http://www.loc.gov/standards/marcxml/schema/MARC21slim.xsd"
    xmlns="http://www.loc.gov/MARC21/slim">

  <leader>00809ncm a2200241 i 4500</leader>
  <controlfield tag="001">C00050953c</controlfield>
  <controlfield tag="005">20241029150040.0</controlfield>
  <controlfield tag="008">041126 1904       orz              spa d</controlfield>
  <datafield tag="080" ind1=" " ind2=" ">
    <subfield code="a">783.3</subfield>
  </datafield>
  <datafield tag="100" ind1="1" ind2=" ">
    <subfield code="a">San Felipe, Francisco Antonio de.</subfield>
    <subfield code="9">8366</subfield>
  </datafield>
  <datafield tag="245" ind1="1" ind2="0">
    <subfield code="a">Santa In&#xE9;s </subfield>
    <subfield code="b">: oratorio en tres partes [M&#xFA;sica manuscrita] / </subfield>
    <subfield code="c">letra de D. Juan B. Calatayud ; m&#xFA;sica de Francisco A. de San Felipe.</subfield>
  </datafield>
  <datafield tag="260" ind1=" " ind2=" ">
    <subfield code="a">1904 ag.</subfield>
  </datafield>
  <datafield tag="300" ind1=" " ind2=" ">
    <subfield code="a">Partitura (108 p.) ; </subfield>
    <subfield code="c">42 cm.</subfield>
  </datafield>
  <datafield tag="500" ind1=" " ind2=" ">
    <subfield code="a">Partitura para coro y orquesta.</subfield>
  </datafield>
  <datafield tag="500" ind1=" " ind2=" ">
    <subfield code="a">Firmada y fechada en Madrid.</subfield>
  </datafield>
  <datafield tag="500" ind1=" " ind2=" ">
    <subfield code="a">En margen superior izquierdo a l&#xE1;piz azul: "M-15/A-4"</subfield>
  </datafield>
  <datafield tag="500" ind1=" " ind2=" ">
    <subfield code="a">En carpeta con otra obra.</subfield>
  </datafield>
  <datafield tag="650" ind1="1" ind2="4">
    <subfield code="a">Oratorios.</subfield>
    <subfield code="9">7108</subfield>
  </datafield>
  <datafield tag="700" ind1="1" ind2=" ">
    <subfield code="a">Calatayud, Juan B.</subfield>
    <subfield code="9">34109</subfield>
  </datafield>
  <datafield tag="852" ind1="4" ind2=" ">
    <subfield code="j">M-4905</subfield>
  </datafield>
  <datafield tag="952" ind1=" " ind2=" ">
    <subfield code="0">0</subfield>
    <subfield code="1">0</subfield>
    <subfield code="4">0</subfield>
    <subfield code="7">0</subfield>
    <subfield code="8">MUSICA</subfield>
    <subfield code="a">RABASF</subfield>
    <subfield code="b">RABASF</subfield>
    <subfield code="c">DP1</subfield>
    <subfield code="d">2004-11-26</subfield>
    <subfield code="e">O</subfield>
    <subfield code="l">0</subfield>
    <subfield code="o">M-4905</subfield>
    <subfield code="p">1054463</subfield>
    <subfield code="r">2024-10-15 09:41:07</subfield>
    <subfield code="w">2024-10-15</subfield>
    <subfield code="y">PARTAM</subfield>
  </datafield>
  <datafield tag="999" ind1=" " ind2=" ">
    <subfield code="c">49603</subfield>
    <subfield code="d">49603</subfield>
  </datafield>
</record>
